Mircea Eliade hermeneutikája
Elmentve itt :
| Szerző: | |
|---|---|
| Adatforrás: | Philobibl |
| Forrásdokumentuma: | Utunk: 1985, 30.sz 5 p. p. |
| Dokumentumtípus: | Cikk |
| Nyelv: | magyar |
| LEADER | 00272nab a2200097 c 4500 | ||
|---|---|---|---|
| 001 | bibDOK00017663 | ||
| 005 | 20200924121201.8 | ||
| 008 | 060518s1985 hu hun | ||
| 100 | 1 | |a Marino, Adrian | |
| 245 | 1 | 0 | |a Mircea Eliade hermeneutikája |c Marino, Adrian |
| 773 | 0 | |t Utunk: 1985, 30.sz |g 5 p. p. | |